Revista Logos

Detalles Bibliográficos
Formato: eBook
Lenguaje:español
Publicado: San Jos:̌ LEAD University, 2020 -
Materias:
Acceso en línea:Acceso restringido

MARC

LEADER 00000nam a22000007a 4500
005 20210421234348.0
007 cr|||| ||||
008 210421c20209999cr n|w s|||| 0|||b1spa d
022 |a 2215-5910 
035 |a 33164 
040 |a vLex 
090 |c 11499  |d 11499 
245 0 0 |a Revista Logos  |h [Recurso electrn̤ico] / 
256 |a Servicio en ln̕ea 
260 |a San Jos:̌  |b LEAD University,  |c 2020 - 
300 |a 1 recurso electrn̤ico 
310 |a Irregular 
362 |a Nð I-1 (Ene. 2020) - 
506 1 |a Disponible solo en los productos indicados  |d vLex Global  |d vLex Global (Academic Edition, excluding Law Schools)  |d vLex Global (U.S. Academic Edition, Law Schools)  |d vLex Global (U.S. Academic Edition, excluding Law Schools)  |d vLex Global (Academic Edition, Law Schools) 
650 0 4 |a Derecho Pb︢lico y Administrativo  |z Costa Rica 
740 0 |a vLex Revistas (Servicio en ln̕ea) 
856 4 0 |u https://vlex.com/source/revista-logos-33164  |z Acceso restringido 
942 |c REV 
999 0 |a Public and Administrative Law